Limnología sanitaria, estudio de la polución de aguas continentales
সংরক্ষণ করুন:
| প্রধান লেখক: | |
|---|---|
| বিন্যাস: | গ্রন্থ |
| ভাষা: | স্প্যানিশ |
| প্রকাশিত: |
Washington, D.C
OEA
1984
|
| মালা: | Serie de Biología. Monografía, 28
|
| বিষয়গুলি: | |
| ট্যাগগুলো: |
ট্যাগ যুক্ত করুন
কোনো ট্যাগ নেই, প্রথমজন হিসাবে ট্যাগ করুন!
|
MARC
| LEADER | 00000cam a2200000 a 4500 | ||
|---|---|---|---|
| 001 | UCX1029 | ||
| 003 | CL-VaPUC | ||
| 008 | 900516e19840000US |||||||||||||||||spa|d | ||
| 082 | 0 | 4 | |a 551.48 |b BRA |2 21 |
| 100 | 0 | |a Branco, Samuel Murgel |e author |9 316432 | |
| 245 | 1 | 0 | |a Limnología sanitaria, estudio de la polución de aguas continentales |
| 300 | |a 120 p | ||
| 942 | |c BK | ||
| 945 | |d 19900516 00:00:00 |a mfernand | ||
| 260 | |a Washington, D.C |b OEA |c 1984 | ||
| 650 | 7 | |a LIMNOLOGIA |2 CL-VaPUC |9 261208 | |
| 650 | 0 | |a Contaminación del agua |9 261423 | |
| 583 | |a last modification |c 20140107 04:47:58 |k Rodrigo Vera | ||
| 490 | 0 | |a Serie de Biología. Monografía, 28 | |
| 999 | |c 222380 |d 222378 | ||
| 952 | |0 0 |1 0 |4 0 |6 551_480000000000000_BRA_1984 |7 0 |8 A |9 217033 |a BIBCUR |b BIBCUR |d 2019-11-15 |i 285967K |o 551.48 BRA 1984 |p 285967K |r 2025-04-22 |w 2019-11-15 |y BK |k BCB | ||
| 952 | |0 0 |1 0 |4 0 |6 551_480000000000000_BRA_1984 |7 0 |8 CCM |9 217034 |a BIBCUR |b BIBCUR |d 2019-11-15 |i 3051927 |o 551.48 BRA 1984 |p 3051927 |r 2025-04-22 |w 2019-11-15 |y BK |k CIM | ||
| 952 | |0 0 |1 0 |3 erb |4 0 |6 551_480000000000000_BRA_1984 |7 0 |8 A |9 217035 |a BIBCUR |b BIBCUR |i 5039096 |o 551.48 BRA 1984 |p 5039096 |r 2025-04-22 |w 2019-11-15 |y BK |z Catalogado en:20140109 |k BCB | ||